00940nam a2200181 a 450000100060000000300090000600800410001502000150005604000280007108200170009911000800011624500920019626000650028830000090035350503170036265000480067965000310072720959CO-ViMGA141112s2004 ck r 000 u spa d a9589463177 aCO-ViMGAbspacCO-ViMGA04a362.29 C565l aMinisterio de Justicia y del derechoDirección Nacional de Estupefacientes10aLa lucha de Colombia contra las drogas ilícitas : bAcciones y resultados 1999 - 2000 aBogotá : bDirección NAcional de Estupefacientes, c2002 a135p aControl del tráfico y del desvío de sustancias químicas 15 - - Principales acciones judiciales referidas a las actividades de trafico ilicito 31 - - Control de la recepción y el manejo de beneficios 32 - - Reducción de la demanda 48 - - Descentralización, gestión y participación comunitaria 68 14aCENTRAL DE DROGAS Y NARCOTRAFICO - COLOMBIA14aNARCOTRAFICO - LEGISLACION